00756cam a22002174a 450000500170000000800410001702000150005804000290007304100080010204400080011008200210011810000180013924500910015725000120024826000530026030000630031350400580037665000450043465000310047965000280051020151114100052.0000712s2001 maua b 001 0 eng  a0878930965 aDLCcDLCdDLCdCo-BoIAvH aeng axxu00a577.880113bC35m1 aCaswell, Hal.10aMatrix population models :bconstruction, analysis, and interpretation /cHal Caswell. a2nd ed. aSunderland, Mass. :bSinauer Associates,cc2001. axxii, 722 páginas :bilustraciones. ;c24 centímetros. aIncluye referencias bibliográficas (p. [669] -710). 0aPopulation biologyxComputer simulation. 0aMatricesxData processing. 0aPoblación biológica